| 000 | 01272nam a2200217Ia 4500 | ||
|---|---|---|---|
| 003 | Ost | ||
| 005 | 20260507075733.0 | ||
| 008 | 260507s9999||||xx |||||||||||||| ||und|| | ||
| 020 | _a7112203977 | ||
| 040 | _cfsecg | ||
| 041 | _aara | ||
| 082 | _a331.137 | ||
| 100 |
_aعبد القادر، محمد علاء الدين _eمؤلف |
||
| 245 | 0 |
_aالبطالة / _c محمد علاء الدين عبد القادر |
|
| 260 |
_aالاسكندرية: _bمنشأة المعارف, _c2003 |
||
| 300 |
_a243 صفحة؛ _c24 سم |
||
| 504 | _aبيبليوغرافيا : ص.231 | ||
| 520 | _aيحتوي الكتاب على المحاور التالية: البطالة، أسباب مشكلة البطالة،الجات و منظمة التجارة العالمية،العولمة،البطالة و تحديات الإصلاح الإقتصادي،أبعاد مشكلة البطالة،بعض القضايا الجوهرية ذات الصلة بمشكلة البطالة، رؤية مستقبلية لمواجهة مشكلة البطالة، مدخل الصناعات الصغيرة و المشروعات القومية العملاقة لمواجهة مشكلة البطالة،التكتلات الإقتصادية. | ||
| 653 | _aالبطالة | ||
| 942 | _cكتاب | ||
| 999 |
_c46051 _d46051 |
||